000 00550nam a22001817a 4500
999 _c191536
_d191536
005 20220829145043.0
010 _aENG-134756
020 _a97893810008607
_c180.00
035 _aEN-118288
037 _bDBAD/PUB
082 _a880.9
100 _aSai, Vasantha
245 _aWho is in Swami's Heart?/
_cVasantha Sai
260 _aMadurai
_bMukthi Nilayam
_c2011
270 _aRoyapalayam Village B.O. Tirumangalam S.O. Madurai-Virundhunagar Road
_bMadurai
_e625706
300 _a277p.
_c20cm(pbk)
942 _2ddc
_cEN
_h880.9
_mSAI